Accounting : a user / decision perspective

Bibliographic Details
Other Authors: Hamilton, F.S.B
Format: Book
Language:English
Published: Syednry : Prentice hall , 1995
Subjects:

MARC

LEADER 00000cam a2200000 7i4500
001 0000023185
005 20110719.0
008 110718s -us a eng
020 |a 0724802304 
040 |a INS 
090 0 0 |a HF5635.A33 1995 
245 0 0 |a Accounting : a user / decision perspective   |c F.S.B Hamilton...[et al.] 
260 |a Syednry :   |b Prentice hall ,   |c 1995 
300 |a xviii, 872p. :   |b ill. ;   |c 27cm. 
500 |a Hadiah daripada Pusat Sumber INSPEN 
500 |a Includes index 
650 0 |a Accounting 
700 1 |a Hamilton, F.S.B 
999 |a 1000000026   |b BOOK   |c Open Shelf   |e Default branch